Globalizácia a marketingový mix retailingu
Marketingový mix pozostáva zo 4 komponentov, na ktoré sa sústreďuje pri tvorbe nielen marketingovej, ale aj podnikovej stratégie. Medzi tieto 4 základné komponenty patrí produkt, cena produktu, spôsob komunikácie a miesto predaja. Globalizácia ovplyvnila spôsob náhľadu na tieto komponenty ak firma u...
Salvato in:
| Autore principale: | |
|---|---|
| Natura: | Capitolo di libro |
| Lingua: | slovacco |
| Soggetti: | |
| Tags: |
Nessun Tag, puoi essere il primo ad aggiungerne!!
|
MARC
| LEADER | 00000nla$a2200000$$$4500 | ||
|---|---|---|---|
| 001 | 0125051 | ||
| 005 | 20240502072424.9 | ||
| 041 | 0 | |a slo | |
| 044 | |a SK | ||
| 245 | 1 | 0 | |a Globalizácia a marketingový mix retailingu |c Veronika Konštiaková |
| 520 | |a Marketingový mix pozostáva zo 4 komponentov, na ktoré sa sústreďuje pri tvorbe nielen marketingovej, ale aj podnikovej stratégie. Medzi tieto 4 základné komponenty patrí produkt, cena produktu, spôsob komunikácie a miesto predaja. Globalizácia ovplyvnila spôsob náhľadu na tieto komponenty ak firma uvažuje o globálnej stratégie. Nastala zmena v ponímaní jednotlivých komponentov. Retailové spoločnosti a globalizácia. | ||
| 610 | 2 | 0 | |a globalizácia |
| 610 | 2 | 0 | |a retailing |
| 610 | 2 | 0 | |a marketing mix |
| 100 | 1 | |a Konštiaková, Veronika | |